Countries of The British Empire at 1922 - Statistics

General Stats
  • This quiz has been taken 34 times
  • The average score is 33 of 57
Answer Stats
Answer % Correct
United kingdom
92%
India
88%
Ireland
88%
South africa
85%
Australia
81%
Kenya
81%
Canada
77%
New zealand
77%
Egypt
73%
Namibia
73%
Botswana
69%
Nigeria
69%
Pakistan
69%
Zimbabwe
69%
Bahamas
65%
Zambia
65%
Eswatini
62%
Fiji
62%
Lesotho
62%
Malawi
62%
Malaysia
62%
Sudan
62%
Tanzania
62%
Belize
58%
Guyana
58%
Israel
58%
Oman
58%
Singapore
58%
South sudan
58%
Yemen
58%
Bangladesh
54%
Barbados
54%
Jordan
54%
Ghana
54%
Iraq
54%
Kuwait
54%
Myanmar
54%
Qatar
54%
Sri lanka
54%
Bahrain
50%
Brunei
50%
Cyprus
50%
Gambia
50%
Papua new guinea
50%
Uganda
50%
Jamaica
46%
Maldives
46%
Tuvalu
46%
Vanuatu
46%
Lebanon
42%
Sierra leone
42%
Somalia
42%
Togo
38%
Libya
35%
Cameroon
31%
Newfoundland
19%
Trinidad en tobago
4%
No matching quizzes found
Score Distribution
Percent of People with Each Score
Percentile by Number Answered
Your Score History
You have not taken this quiz